Yeni iktidar yeni dönem 1951-1954 (Record no. 10846)

MARC details
000 -BAŞLIK
Sabit Uzunlukta Kontrol Alanı 00775na a2200265 4500
001 - KONTROL NUMARASI
Denetim Alanı 24484
003 - KONTROL NUMARASI IDENTIFIER
Denetim Alanı MIRAKIL
005 - SON İŞLEM TARİHİ VE ZAMANI
Denetim Alanı 20181213155335.0
008 - SABİT-BOY VERİ ELEMANLARI - GENEL BİLGİLER
Sabit Uzunlukta Kontrol Alanı 181119b tu 000 0
040 ## - KATALOGLAMA KAYNAK
Orijinal Kataloglama Ajansı Milas
Kataloglama Dili tur
Metne Dönüştürmek Ajansı TR-AnCHP
041 ## - DİL KODU
Metin / Ses Parça Veya Ayrı Başlığın Dil Kodu tur
082 ## - DEWEY ONLU SINIFLANDIRMA NUMARASI
Sınıflandırma Numarası 320.9561
Ürün Numarası A61y 1985
090 ## - SINIFLAMA NUMARASI
Sınıflama Numarası 320.9561 A61y 1985
100 ## - ANA GİRİŞ - KİŞİSEL İSİM
Kişisel Ad Arcayürek, Cüneyt
245 ## - BAŞLIK TABLOSU
Başlık Yeni iktidar yeni dönem 1951-1954
Sorumluluk Tablosu, Vb Cüneyt Arcayürek
250 ## - EDITION TABLOSU
Baskı Beyanı 2. bs.
260 ## - YAYIN, DAĞITIM, VB
Yayın, Dağıtım, Vb Yeri İstanbul
Yayıncı, Dağıtıcı, Vs Adı Bilgi Yayınevi
Yayın, Dağıtım, Vb Tarihi 1985
300 ## - FİZİKSEL TANIM
Kapsam 276 s.
Diğer Fiziksel Ayrıntıları fotğ.
Boyutlar 19 sm.
440 ## - SERİSİ TABLOSU / KATMA GİRİŞİ - BAŞLIK
Başlık Bilgi Yayınları
490 ## - SERİSİ TABLOSU
Seri Beyanı Cüneyt Arcayürek Açıklıyor
Hacim / Ardışık Tanımı 2
490 ## - SERİSİ TABLOSU
Seri Beyanı Bilgi dizisi
Hacim / Ardışık Tanımı 33
650 ## - KONU KATMA GİRİŞ - TOPİKAL DÖNEM
Topikal Süreli Veya Coğrafi Ad Giriş Elemanı Siyasal partiler
Genel Alt Bölümü Türkiye
Kronolojik Alt Bölümü 1951-1954
650 ## - KONU KATMA GİRİŞ - TOPİKAL DÖNEM
Topikal Süreli Veya Coğrafi Ad Giriş Elemanı Siyaset ve yönetim
Genel Alt Bölümü Türkiye
Kronolojik Alt Bölümü 1951-1954
942 ## - EKLENDİ GİRİŞ ELEMANLARI (KOHA)
Sınıflandırma Veya Raf Düzeni Kaynak Dewey Decimal Classification
Koha Öğesi Türü Books
999 ## - SİSTEM KONTROL NUMARALARI (KOHA)
Koha Biblionumber 10846
Koha Biblioitemnumber 10846
Holdings
Kalıcı Konum Mevcut Konum Edinme Tarihi Edinim Kaynak Toplam Check-Out'Lar Tam Çağrı Numarası Barkod Tarih Son Görülme İtibaren Geçerli Fiyatlar Sigara Kamu Notu Koha Öğesi Türü
CHP Kütüphanesi CHP Kütüphanesi 11/19/2018 Bağış   320.9561 A61y 1985 018421 11/19/2018 11/19/2018 Bağışlayan: Ertuğrul Çepni Books